Vplyv trhu na určovanie cien poistného produktu
Možnosti určovania ceny poistného produktu na trhu najprv pomocou elasticity a potom cez stratégiu závislú od správania sa poistenca a konkurenčných poisťovní. Cenová stratégia dvoch poisťovní pri poistení trvajúcom viac rokov.
Gespeichert in:
| 1. Verfasser: | |
|---|---|
| Weitere Verfasser: | |
| Format: | Buchkapitel |
| Sprache: | Slowakisch |
| Schlagworte: | |
| Tags: |
Keine Tags, Fügen Sie das erste Tag hinzu!
|
MARC
| LEADER | 00000nla a2200000 4500 | ||
|---|---|---|---|
| 001 | 0237643 | ||
| 005 | 20240502073836.1 | ||
| 041 | 0 | |a slo | |
| 044 | |a SK | ||
| 245 | 1 | 0 | |a Vplyv trhu na určovanie cien poistného produktu |c Anna Strešňáková, Mária Bilíková |
| 520 | |a Možnosti určovania ceny poistného produktu na trhu najprv pomocou elasticity a potom cez stratégiu závislú od správania sa poistenca a konkurenčných poisťovní. Cenová stratégia dvoch poisťovní pri poistení trvajúcom viac rokov. | ||
| 610 | 2 | 0 | |a matematika poistná |
| 610 | 2 | 0 | |a produkty |
| 610 | 2 | 0 | |a ceny |
| 610 | 2 | 0 | |a poisťovníctvo |
| 610 | 2 | 0 | |a pružnosť cenová |
| 100 | 1 | |a Strešňáková, Anna, 1976- | |
| 700 | 1 | |a Bilíková, Mária, 1951- | |